Money as Debt 2: Promises Unleashed (Record no. 333281)
[ view plain ]
| 000 -LEADER | |
|---|---|
| fixed length control field | 00571nam a2200097Ia 4500 |
| 008 - FIXED-LENGTH DATA ELEMENTS--GENERAL INFORMATION | |
| fixed length control field | 170517s9999 xx 000 0 und d |
| 245 ## - TITLE STATEMENT | |
| Title | Money as Debt 2: Promises Unleashed |
| 300 ## - PHYSICAL DESCRIPTION | |
| Extent | Bailouts, stimulus packages, debt piled upon debt...Where will it all end? How did we get into a situation where there has never been more material wealth & productivity and yet everyone is in debt to bankers? And now, all of a sudden, the bankers have no money and we... |
| 650 ## - SUBJECT ADDED ENTRY--TOPICAL TERM | |
| General subdivision | Business and Economics. |
| 856 ## - ELECTRONIC LOCATION AND ACCESS | |
| Uniform Resource Identifier | <a href="http://topdocumentaryfilms.com/money-as-debt-promises-unleashed/">http://topdocumentaryfilms.com/money-as-debt-promises-unleashed/</a> |
| Withdrawn status | Lost status | Damaged status | Home library | Current library | Date acquired | Total Checkouts | Date last seen | Price effective from | Koha item type |
|---|---|---|---|---|---|---|---|---|---|
| College Library | College Library | 05/17/2017 | 05/17/2017 | 05/17/2017 | Documentary Films |